Craniofacial Anomalies (Record no. 249375)

MARC details
000 -LEADER
fixed length control field 00585nam a22001937a 4500
003 - CONTROL NUMBER IDENTIFIER
control field OSt
008 - FIXED-LENGTH DATA ELEMENTS--GENERAL INFORMATION
fixed length control field 250613b |||||||| |||| 00| 0 eng d
020 ## - INTERNATIONAL STANDARD BOOK NUMBER
International Standard Book Number 1-56593-987-5
082 ## - DEWEY DECIMAL CLASSIFICATION NUMBER
Classification number 617.51 P0
100 ## - MAIN ENTRY--PERSONAL NAME
Personal name Alice Kahn
245 ## - TITLE STATEMENT
Title Craniofacial Anomalies
Remainder of title A Beginner's Guide for Speech -Language Pathologists
Statement of responsibility, etc Alice Kahn
250 ## - EDITION STATEMENT
Edition statement 1st
260 ## - PUBLICATION, DISTRIBUTION, ETC. (IMPRINT)
Place of publication, distribution, etc California
Name of publisher, distributor, etc Singular Publishing Group
Date of publication, distribution, etc 2000
650 ## - SUBJECT ADDED ENTRY--TOPICAL TERM
Form subdivision Audiology and Speech Language Pathology
General subdivision Audiology and Speech Language Pathology
942 ## - ADDED ENTRY ELEMENTS (KOHA)
Item type Reference
Source of classification or shelving scheme Dewey Decimal Classification
Holdings
Withdrawn status Lost status Damaged status Permanent location Current location Shelving location Date acquired Source of acquisition Full call number Barcode Date last seen Koha item type
      CENTRAL LIBRARY, NOORUL ISLAM CENTRE FOR HIGHER EDUCATION CENTRAL LIBRARY, NOORUL ISLAM CENTRE FOR HIGHER EDUCATION General stacks 06/13/2025 amazon.in / 07-02-2025 617.51 P0 85120 06/13/2025 Books
Visitors:
Copyright © 2024 Central Library NICHE.  All rights reserved.